| 000 | 00757cam a2200265 i 4500 | ||
|---|---|---|---|
| 001 | 200461304 | ||
| 003 | TR-AnTOB | ||
| 005 | 20240627102440.0 | ||
| 007 | ta | ||
| 008 | 150529s1955 tu 000 p tur d | ||
| 040 |
_aTR-AnTOB _beng _erda _cTR-AnTOB |
||
| 041 | 0 | _atur | |
| 050 | 4 |
_aPL234 _b.Y473 1955 |
|
| 090 |
_aPL234 _b.Y473 1955 TıpFaK |
||
| 100 | 1 |
_aYerdelen, Kemal _eauthor _9145905 |
|
| 245 | 1 | 0 |
_aYeni şiirimizden seçmeler / _cKemal Yerdelen. |
| 264 | 3 |
_aAnkara : _bMedeniyet Matbaası, _c1955. |
|
| 300 |
_a71 pages ; _c20 cm |
||
| 336 |
_atext _btxt _2rdacontent |
||
| 337 |
_aunmediated _bn _2rdamedia |
||
| 338 |
_avolume _bnc _2rdacarrier |
||
| 650 | 7 |
_aTürk şiiri _2etuturkob _984273 |
|
| 942 |
_2lcc _cBK |
||
| 999 |
_c200461304 _d79516 |
||